Pediatric Nursing (Record no. 1185)

MARC details
000 -LEADER
Fixed length control field 00465nam a2200193Ia 4500
003 - CONTROL NUMBER IDENTIFIER
Control field IIN
005 - DATE AND TIME OF LATEST TRANSACTION
Control field 20240125153043.0
008 - FIXED-LENGTH DATA ELEMENTS--GENERAL INFORMATION
Fixed length control field 231217s9999 xx 000 0 und d
020 ## - INTERNATIONAL STANDARD BOOK NUMBER / ISBN
Price Rs.895.00
International Standard Book Number 9789354656347
040 ## - CATALOGING SOURCE
Original cataloging agency IIN
Language of cataloging English
082 ## - DEWEY DECIMAL CLASSIFICATION NUMBER
Classification number 610.7362
Book Number DAT
100 1# - MAIN ENTRY--PERSONAL NAME
Personal name Datta, Parul
245 1# - TITLE STATEMENT
Title Pediatric Nursing
Statement of responsibility Parul Datta
250 ## - EDITION STATEMENT
Edition statement 5th ed
260 ## - IMPRINT
Name of publisher Jaypee
Place of publication New Delhi
Date of publication 2022
300 ## - PHYSICAL DESCRIPTION
Page / Vol. No xx, 517p.
650 1# - SUBJECT ADDED ENTRY--TOPICAL TERM
Topical term Pediatric
942 ## - ADDED ENTRY ELEMENTS (KOHA)
Koha item type Books
Holdings
Withdrawn status Lost status Damaged status Not for loan Collection code Home library Current library Date acquired Price Total Checkouts Call number Accession number Date last seen Price effective from Koha item type
          IDEAL INSTITUTE OF NURSING IDEAL INSTITUTE OF NURSING 17/12/2023 895.00   610.7362 DAT 1179 17/12/2023 17/12/2023 Books
          IDEAL INSTITUTE OF NURSING IDEAL INSTITUTE OF NURSING 17/12/2023 895.00   610.7362 DAT 1180 17/12/2023 17/12/2023 Books
          IDEAL INSTITUTE OF NURSING IDEAL INSTITUTE OF NURSING 17/12/2023 895.00   610.7362 DAT 1181 17/12/2023 17/12/2023 Books
          IDEAL INSTITUTE OF NURSING IDEAL INSTITUTE OF NURSING 17/12/2023 895.00   610.7362 DAT 1182 17/12/2023 17/12/2023 Books
          IDEAL INSTITUTE OF NURSING IDEAL INSTITUTE OF NURSING 17/12/2023 895.00   610.7362 DAT 1183 17/12/2023 17/12/2023 Books
          IDEAL INSTITUTE OF NURSING IDEAL INSTITUTE OF NURSING 17/12/2023 895.00   610.7362 DAT 1184 17/12/2023 17/12/2023 Books
          IDEAL INSTITUTE OF NURSING IDEAL INSTITUTE OF NURSING 17/12/2023 895.00   610.7362 DAT 1185 17/12/2023 17/12/2023 Books
          IDEAL INSTITUTE OF NURSING IDEAL INSTITUTE OF NURSING 17/12/2023 895.00   610.7362 DAT 1186 17/12/2023 17/12/2023 Books
          IDEAL INSTITUTE OF NURSING IDEAL INSTITUTE OF NURSING 17/12/2023 895.00   610.7362 DAT 1187 17/12/2023 17/12/2023 Books
          IDEAL INSTITUTE OF NURSING IDEAL INSTITUTE OF NURSING 17/12/2023 895.00   610.7362 DAT 1188 17/12/2023 17/12/2023 Books
© Ideal Institute Of Nursing, All rights reserved.         Powered by Koha